000 00357nam a2200145Ia 4500
008 230917s9999||||xx |||||||||||||| ||und||
040 _e103527
_aMAIN
041 _aEnglish
082 _a355.357 S72A
100 _aSardeshpunde, S C
245 0 _aAssignment: Jaffna
260 _aNew Delhi
_bLancer Publishers
_c1992
300 _ax, 165 p.
942 _cBK
999 _c117766
_d117766